Public managers' performance evaluation systems and public value creation: Behavioral and economic aspects (Record no. 89785)

000 -LEADER
fixed length control field 01267pab a2200205 454500
008 - FIXED-LENGTH DATA ELEMENTS--GENERAL INFORMATION
fixed length control field 180718b2010 xxu||||| |||| 00| 0 eng d
100 ## - MAIN ENTRY--PERSONAL NAME
Personal name Mussari, Riccardo
245 ## - TITLE STATEMENT
Title Public managers' performance evaluation systems and public value creation: Behavioral and economic aspects
260 ## - PUBLICATION, DISTRIBUTION, ETC.
Date of publication, distribution, etc. 2010
300 ## - PHYSICAL DESCRIPTION
Extent p.541-548.
362 ## - DATES OF PUBLICATION AND/OR SEQUENTIAL DESIGNATION
Dates of publication and/or sequential designation Sep
520 ## - SUMMARY, ETC.
Summary, etc. In Western countries over the last two decades personnel management has been one of the areas of greatest innovation within the management reform process. Managerial staff in PAs has been given the power and the responsibility to operate as entrepreneurs in relation to subjects operating within their "sphere of responsibility." Throughout 2009 the Italian Minister of Public Service has made a significant effort to get the Government to approve a law intended to substantially reform the system for evaluating managerial staff. The results of his/her efforts have been analyzed, considering that he/she tried to be coherent with remarks made in the most recent literature. - Reproduced.
650 ## - SUBJECT ADDED ENTRY--TOPICAL TERM
Topical term or geographic name entry element Motivation
650 ## - SUBJECT ADDED ENTRY--TOPICAL TERM
Topical term or geographic name entry element Performance appraisal
650 ## - SUBJECT ADDED ENTRY--TOPICAL TERM
Topical term or geographic name entry element Managers
700 ## - ADDED ENTRY--PERSONAL NAME
Personal name Ruggiero, Pasquale
773 ## - HOST ITEM ENTRY
Main entry heading International Journal of Public Administration
908 ## - PUT COMMAND PARAMETER (RLIN)
Put command parameter N
909 ## -
-- 89785
Holdings
Withdrawn status Lost status Damaged status Not for loan Permanent Location Current Location Date acquired Serial Enumeration / chronology Barcode Date last seen Price effective from Koha item type
        Indian Institute of Public Administration Indian Institute of Public Administration 2018-07-19 Volume no: 33, Issue no: 1 AR90245 2018-07-19 2018-07-19 Articles

Powered by Koha